LEADER 00391nab a2200145 i 4500 001 000000264774 003 CaOOAMICUS 005 20190226150518.0 008 060810n xx uu u0 0und r 013 $a7626 040 $aSeMil$bita 245 10$aHeft 2. 773 0 $t1998.$dPaderborn : Ferdinand Schöningh, 1998.$w()152508 996 $6245$aHeft 2$9(OLS)http://semarc/title/421625 LEADER 00460naa a2200133 i 4500 001 000000326205 003 CaOOAMICUS 005 20180831173517.0 008 180831n it u000 u ita u 013 $a37350 040 $aSeMil$bita 245 12$aL'escatologia cristiana. 773 0 $aStudio Biblico Teologico Aquilano$tNovissimi nella Bibbia.$dL'Aquila : ISSRA, 1999.$kStudi biblici$gp.255-300$w()115305 996 $6245$aL'escatologia cristiana$9(OLS)http://semarc/title/399315